|
|
|
|
| LEADER |
00000cam a22000004a 4500 |
| 001 |
musev2_9065 |
| 003 |
MdBmJHUP |
| 005 |
20230905041032.0 |
| 006 |
m o d |
| 007 |
cr||||||||nn|n |
| 008 |
050921s2005 inu o 00 0 eng d |
| 010 |
|
|
|z 2005282480
|
| 020 |
|
|
|a 9780253111746
|
| 020 |
|
|
|z 9780253346117
|
| 020 |
|
|
|z 0253111749
|
| 035 |
|
|
|a (OCoLC)145734228
|
| 040 |
|
|
|a MdBmJHUP
|c MdBmJHUP
|
| 050 |
0 |
4 |
|a ML113
|b .C68 2005
|
| 100 |
1 |
|
|a Crabtree, Phillip.
|
| 245 |
1 |
0 |
|a Sourcebook for Research in Music, Second Edition /
|c Phillip D. Crabtree and Donald H. Foster.
|
| 250 |
|
|
|a 2nd ed. /
|b revised and expanded by Allen Scott.
|
| 264 |
|
1 |
|a Bloomington :
|b Indiana University Press,
|c 2005.
|
| 264 |
|
3 |
|a Baltimore, Md. :
|b Project MUSE,
|c 2012
|
| 264 |
|
4 |
|c ©2005.
|
| 300 |
|
|
|a 1 online resource (408 pages).
|
| 336 |
|
|
|a text
|b txt
|2 rdacontent
|
| 337 |
|
|
|a computer
|b c
|2 rdamedia
|
| 338 |
|
|
|a online resource
|b cr
|2 rdacarrier
|
| 500 |
|
|
|a Includes indexes.
|
| 588 |
|
|
|a Description based on print version record.
|
| 650 |
|
0 |
|a Music
|v Bibliography of bibliographies.
|
| 650 |
|
0 |
|a Music
|x History and criticism
|v Bibliography.
|
| 650 |
|
0 |
|a Music
|v Bibliography.
|
| 655 |
|
7 |
|a Electronic books.
|2 local
|
| 700 |
1 |
|
|a Foster, Donald H.
|
| 710 |
2 |
|
|a Project Muse.
|e distributor
|
| 830 |
|
0 |
|a Book collections on Project MUSE.
|
| 856 |
4 |
0 |
|z Texto completo
|u https://projectmuse.uam.elogim.com/book/9065/
|
| 945 |
|
|
|a Project MUSE - Custom Collection
|
| 945 |
|
|
|a Project MUSE - Archive Complete Foundation
|
| 945 |
|
|
|a Project MUSE - Archive Film, Theater and Performing Arts Foundation
|